[Event "Virovitica"]
[Site "?"]
[Date "1977.??.??"]
[Round "2"]
[White "Bukal Vladimir Sr"]
[Black "Rukavina Josip"]
[Result "0-1"]
[WhiteElo "2405"]
[BlackElo "2410"]
[PlyCount "82"]
[EventDate "1977.??.??"]
[Source "www.chesslib.no"]
[SourceDate "2004.05.04"]

1. c4 Nf6 2. g3 c6 3. Nf3 d6 4. Bg2 e5 5. Nc3 Be7 6. O-O O-O 7. d3 h6 8. Rb1 a5 9. a3 Be6 10. b4 axb4 11. axb4 Nbd7 12. e4 Ne8 13. Qe2 Nc7 14. b5 Bg4 15. Be3 Ne6 16. Qd2 Bxf3 17. Bxf3 Bg5 18. Bg4 Bxe3 19. Qxe3 Ndc5 20. Bxe6 Nxe6 21. Ra1 Ra5 22. bxc6 bxc6 23. Ne2 Qa8 24. Rxa5 Qxa5 25. d4 Qb4 26. dxe5 dxe5 27. Qc3 Qc5 28. Ra1 Rd8 29. Ra5 Qd6 30. Ra1 Ng5 31. Qe3 Qd2 32. Qxd2 Rxd2 33. Kf1 Nxe4 34. Ra5 f6 35. f3 Ng5 36. Ra8+ Kh7 37. f4 Nf3 38. Rc8 Rc2 39. fxe5 fxe5 40. Rxc6 Rxe2 41. Rxh6+ Kxh6 0-1

[Event "Hallsberg op J32"]
[Site "Hallsberg"]
[Date "1996.??.??"]
[Round "5"]
[White "Leito, Priit"]
[Black "Fridman, Daniel"]
[Result "1/2-1/2"]
[WhiteElo "2310"]
[BlackElo "2500"]
[PlyCount "37"]
[EventDate "1996.??.??"]
[Source "www.chesslib.no"]
[SourceDate "2004.05.04"]

1. c4 e5 2. Nc3 Nf6 3. g3 c6 4. Nf3 d6 5. Bg2 Nbd7 6. O-O g6 7. d4 Bg7 8. dxe5 Nxe5 9. Nxe5 dxe5 10. Bg5 h6 11. Bxf6 Bxf6 12. Ne4 Be7 13. c5 Be6 14. Nd6+ Bxd6 15. cxd6 h5 16. Qd2 O-O 17. Rfd1 Qb6 18. Qc3 Rfe8 19. Rd2 1/2-1/2

[Event "Noviki-B"]
[Site "Budapest"]
[Date "1990.??.??"]
[Round "2"]
[White "Luce, Sebastien"]
[Black "Holzmann, Herbert"]
[Result "1-0"]
[WhiteElo "2395"]
[BlackElo "2415"]
[PlyCount "95"]
[EventDate "1990.04.??"]
[Source "www.chesslib.no"]
[SourceDate "2004.05.04"]

1. c4 Nf6 2. Nc3 e5 3. Nf3 d6 4. g3 Nbd7 5. Bg2 c6 6. O-O Be7 7. b3 O-O 8. Ba3 Ne8 9. b4 f5 10. Ne1 Ndf6 11. d3 a6 12. Bb2 Be6 13. Nf3 Nd7 14. Nd2 Nef6 15. Qb3 Rc8 16. a4 Kh8 17. a5 Qe8 18. Qd1 Qh5 19. e3 Qh6 20. Qe2 d5 21. Ba3 dxc4 22. Nxc4 Nd5 23. Na4 Rb8 24. Nc5 Nxc5 25. bxc5 Nc3 26. Qc2 Nd5 27. Nxe5 Nxe3 28. fxe3 Qxe3+ 29. Kh1 Qxe5 30. Rae1 Qf6 31. Qe2 Bxc5 32. Bxc5 Rfe8 33. Qe5 Qxe5 34. Rxe5 g6 35. Rfe1 Bf7 36. Re7 Kg8 37. Kg1 Rbd8 38. d4 Rxe7 39. Rxe7 Re8 40. Rxb7 Re1+ 41. Kf2 Ra1 42. Bxc6 Rxa5 43. h4 Bc4 44. Bd6 Ra2+ 45. Kf3 Rc2 46. Rc7 h6 47. Bb7 a5 48. Rxc4 1-0

[Event "Manresa Open"]
[Site "?"]
[Date "1996.??.??"]
[Round "3"]
[White "Lupu Mircea-Sergiu"]
[Black "Garcia Cano Antonio"]
[Result "1-0"]
[WhiteElo "2500"]
[BlackElo "2310"]
[PlyCount "50"]
[EventDate "1996.??.??"]
[Source "www.chesslib.no"]
[SourceDate "2004.05.04"]

1. g3 Nf6 2. Bg2 d6 3. c4 c6 4. Nc3 e5 5. Nf3 Nbd7 6. O-O Be7 7. d4 Qc7 8. b3 Nf8 9. Bb2 Ng6 10. Rc1 h5 11. h4 Bg4 12. Qd2 Qc8 13. Ng5 O-O 14. e4 Nh7 15. Nxh7 Kxh7 16. Nd1 Bh3 17. Qe2 Bg4 18. f3 Be6 19. d5 Bd7 20. Ne3 f5 21. exf5 Bxf5 22. Nxf5 Qxf5 23. Qe4 Qxe4 24. fxe4 Rxf1+ 25. Rxf1 Rf8 1-0

[Event "Zaragoza Open"]
[Site "Zaragoza"]
[Date "1993.??.??"]
[Round "?"]
[White "Aparicio, Anibal H"]
[Black "Garcia Palermo, Carlos H"]
[Result "0-1"]
[WhiteElo "2330"]
[BlackElo "2475"]
[PlyCount "64"]
[EventDate "1993.04.??"]
[Source "www.chesslib.no"]
[SourceDate "2004.05.04"]

1. c4 e5 2. Nc3 Nf6 3. g3 c6 4. Nf3 d6 5. Bg2 Be7 6. O-O O-O 7. d3 a5 8. a3 Nbd7 9. e4 Nc5 10. h3 a4 11. Be3 Nfd7 12. d4 Nb3 13. Rb1 Qa5 14. Qd3 exd4 15. Nxd4 Ne5 16. Qe2 Nxd4 17. Bxd4 Be6 18. Bxe5 dxe5 19. Rfd1 Bc5 20. Kh2 Bd4 21. Rdc1 Qc5 22. Nd1 f5 23. Rc2 f4 24. g4 Ra6 25. Bf3 Rb6 26. Kg2 Rb3 27. Rbc1 Rd8 28. Qd2 Qe7 29. Qe1 Qh4 30. Qh1 Rxf3 31. Kxf3 Bxg4+ 32. Kg2 f3+ 0-1

[Event "Orense op 9th"]
[Site "Orense"]
[Date "2000.07.13"]
[Round "6"]
[White "Dias, Paulo"]
[Black "Campos Moreno, Javier B"]
[Result "0-1"]
[WhiteElo "2302"]
[BlackElo "2491"]
[PlyCount "52"]
[EventDate "2000.07.08"]
[Source "www.chesslib.no"]
[SourceDate "2004.05.04"]

1. c4 e5 2. Nc3 Nf6 3. g3 c6 4. d4 exd4 5. Qxd4 d5 6. cxd5 cxd5 7. Bg5 Be7 8. Rd1 Nc6 9. Qa4 O-O 10. Bg2 Be6 11. Nf3 h6 12. Bf4 Qb6 13. Qb5 Bb4 14. Qxb6 axb6 15. Bd2 Ne4 16. O-O Bxc3 17. Bxc3 Rxa2 18. e3 Rc8 19. Nd4 Nxc3 20. bxc3 Nxd4 21. Rxd4 Rc5 22. Rfd1 Raa5 23. Rb4 b5 24. Rbd4 Ra4 25. R4d3 Bg4 26. Rxd5 Rxd5 0-1

[Event "05.OIBayEM Bad Wiessee op"]
[Site "?"]
[Date "2001.10.28"]
[Round "2"]
[White "Juettner Andreas"]
[Black "Krasenkow Michal"]
[Result "0-1"]
[WhiteElo "2200"]
[BlackElo "2592"]
[PlyCount "58"]
[EventDate "2001.??.??"]
[Source "www.chesslib.no"]
[SourceDate "2004.05.04"]

1. c4 e5 2. g3 c6 3. d4 exd4 4. Qxd4 d5 5. Bg2 Nf6 6. Nf3 Be6 7. cxd5 cxd5 8. Nc3 Nc6 9. Qa4 Bc5 10. O-O O-O 11. Bg5 h6 12. Bxf6 Qxf6 13. Rfd1 Rad8 14. e3 a6 15. Rd2 Rd6 16. Ne1 Bb4 17. Rc1 d4 18. exd4 b5 19. Qd1 Nxd4 20. Nc2 Bxc3 21. bxc3 Nf3+ 22. Bxf3 Rxd2 23. Qxd2 Qxf3 24. Nd4 Qd5 25. f4 Bc8 26. Qg2 Qd7 27. Qc6 Qe7 28. Qf3 Bb7 29. Qf2 Qe4 0-1

[Event "Abel Cardona Open, Cali COL"]
[Site "?"]
[Date "2000.??.??"]
[Round "4"]
[White "Perdomo, C."]
[Black "Garcia, Gild"]
[Result "0-1"]
[WhiteElo "2345"]
[BlackElo "2445"]
[PlyCount "132"]
[EventDate "2000.??.??"]
[Source "www.chesslib.no"]
[SourceDate "2004.05.04"]

1. c4 e5 2. Nc3 Nf6 3. g3 c6 4. d4 exd4 5. Qxd4 d5 6. Bg2 Be6 7. cxd5 cxd5 8. Nf3 Nc6 9. Qa4 Bb4 10. O-O O-O 11. Nb5 Qd7 12. Bf4 a6 13. Nc7 Rac8 14. Nxe6 fxe6 15. Ne5 Qe7 16. Nxc6 Rxc6 17. Rad1 b5 18. Qb3 Rc4 19. Qd3 h6 20. b3 Rcc8 21. Be5 Bc5 22. Bb2 Ng4 23. Bd4 Qg5 24. Bxc5 Rxc5 25. e4 dxe4 26. Qxe4 Qf5 27. Qxf5 exf5 28. b4 Rc2 29. Bd5+ Kh8 30. Bb3 Rb2 31. Rb1 Rd2 32. h3 Ne5 33. Rfd1 f4 34. g4 Rfd8 35. Kg2 g5 36. Rxd2 Rxd2 37. Rd1 Rxd1 38. Bxd1 Kg7 39. Bb3 Kf6 40. Bd5 Nd3 41. a3 Ke5 42. Bb7 Ne1+ 43. Kf1 Nc2 44. Bxa6 Nxa3 45. h4 Kd4 46. hxg5 hxg5 47. Kg2 Kc3 48. Kf3 Kd3 49. Kg2 Ke2 50. Kg1 Kd2 51. Kg2 Kc3 52. Kf3 Kxb4 53. Ke4 Kc3 54. Bxb5 Nxb5 55. Kf5 Kd4 56. Kxg5 Ke5 57. Kh6 Nd6 58. g5 Kf5 59. g6 Kg4 60. Kg7 Kg5 61. f3 Nf5+ 62. Kf7 Kh6 63. Kf6 Ng7 64. Kf7 Nh5 65. g7 Nxg7 66. Kf6 Kh5 0-1